Petit Bac - Lettre P - Statistiques

Statistiques générales
  • Ce quiz a été pris 7 863 fois
  • Le résultat moyen est 10 sur 10
Statistiques - réponses
Catégories : Réponses en P % Correct
Prénom Paloma / Pamela / Pascale / Pascaline / Patricia / Paule / Pauline / Pénélope / Philippa / Philippine / Prune / Pablo / Paco / Pacome / Pascal / Patrice / Patrick / Paul / Philippe / Pierre / Priscilla / Priscillia / Paulette / Paula / Pony / Ponia / Paola / Pablo / Paris / Pakito / Pakita / Pamela / Pomela / Pandore / Pamella / Pandora / Patrice / Perrine / Penny / Pennie / Peter / Phoebe / Phibie / Philibert / Philbert / Phany / Pierrick / Pierrot
100%
Fruit ou Légume pak choï / panais / patate douce / pâtisson / petit pois / périlla / pe-tsaï / physalis / piment / pissenlit / poireau / poirée / poire de terre / pois sec / pois carré / pois chiche / pois d'Angole / pois sabre / poivron / pomme de terre / potiron / potimarron / pourpier / Pomelo / Pamplemousse / Papaye / Pastèque / Pêche / Pepino / Physalis / Pitaya / Poire / Pomme / Prune / Pruneau
98%
Pays Pakistan / Panama / Papouasie / Paraguay / Pays-Bas / Pérou / Philippines / Pologne / Polynésie française / Porto Rico / Portugal / Palaos
98%
Partie du corps Palais / Pancréas / Paupière / Peau / Pénis / Péroné / Phalange / Phalangette / Phalangine / Pharynx / Pied / Poignet / Poil / Poitrine / Pouce / Poumon / Prémolaire / Prépuce / Prostate / Pubis
98%
Animal Panda / Panda roux / Pangolin / Panthère / Paon / Papillon / Paresseux / Pastenague / Pécari / Pélican / Perche / Perroquet / Perruche / Phasme / Phoque / Phyllie / Pic vert / Pie / Piéride / Pieuvre / Pigeon / Pika / Pingouin / Pinson / Pintade / Pipistrelle / Piranha / Pleurodèle / Polyptère / Poney / Porc / Porc-épic / Potamochère / Poule / Poule d'eau / Poulpe / Pronghorn / Propithèque / Protèle / Pudu / Puma / Putois / Pygargue / Python
98%
Objet Papier / Parapluie / Pelle / Pierre / Pile / Pipe / Portable / Porte / Pot / Poubelle / Publicité / Poutre / PS4 / PS5 / PS3 / Poêle / Pinceau / Plume / Piano / Planche / Pince / Pistolet / Peluche / Pull / Paille / Pendule / Plateau / Pompe / Palme / Panier / Peigne / Patin / Passoire / Pioche / Pièce / Poignée / Porte Manteau / Puce / Parasol / Poulie / Poteau / Prise / Palette / Plat / Pouf / Poupée / Perle / Perruque / Panneau / Punaise / Pupitre / Peinture / Perche / Plot / Poids / Poussette / porte feuille / Plaque / Parachute / Poche / Pichet / Plante / Porte clé / Pochette / Paillasson / Portail / Porte monnaie / Pommeau / Papier toilette / Piston / Pot / Peignoir / Paquet / Pneu / Palet / Placard / Pétard / Pancarte / Perceuse / Piscine / Pirogue / Pion / Pantin / Prisme / Photo / Polaroid / Plumeau / Plaid / poivrier / Pied de biche / Poster / Poignée / Parfum / Pain / Pipette / Poutre / Patch / Parloir
98%
Métier Packager / Palefrenier-soigneur / Paléontologue / Paramédicaux / Parapharmacien / Parqueteur / Passementier / Patineur / Pâtissier / Patronnier gradeur / Paveur-dalleur / Paysagiste / Paysan / Péagiste / Pêcheur / Pédiatre / Podologue / Pédopsychiatre / Peintre / Pharmacien / Photographe / Pilote / Pompier / Poissonnier / Professeur / Prothésiste / Programmiste / Psychologue / Psychiatre / Psychanalyste / Patron / Platrier / Plombier / Patineur / Pilote / Philosophe / philatéliste / Policier
94%
Vêtement pagne / paillasson / paletoque / paletot / pantacourt / pantalon / panty / papak / papakha / pardessus / paréo / pare-pierres / pareu / parka / passe-coude / passemontagne / patagium / pattes d’éléphant / peignoir / pèlerine / pelisse / penekini / péplos / péplum / perfecto / polar / polo / poncho / porte-jarretelles / pourpoint / protège-tibia / pullover / push-up / pyjama / Pantoufle
93%
Marque PMU / Pirelli / Petit Bateau / Petit Beurre / Petit Ecolier / Prince / Pim’s / P’tit Belin / Paris Match / Paysan Breton / Planta Fin / Packard-Bell / Philips / Post-it / PariScope / Play-Doh / Playskool / PTT / Pages Jaunes / Peugeot / Pedigree / Playstation / P’tit Louis / Président / Pavé d’Affinois / Pampers / Playmobil / Panzani / Public / Pimousse / Patafix / Pantène / Pitch / Pommes / Pink lady / Pouss Mouss / Polo / Perrier / Preductis / Phillip Morris / Port Salut / Packard Bell / padd.fr / Pages Jaunes / Pago / Pam / Panasonic / Paperblog / Parc Astérix / Parc Aventureland / Paris Première / Parly 2 / Partners Finances / Pasquier / Pornhub / Pathé / Pattex / Paypal / Paysange / Pearson / Pegasus Airlines / Pelforth / Pelletier / Pépito / Pepsi / Père Dodu / Perle de Lait / Petit Casino / Petit Navire / Petit Filou / Pharmodel / Phébus / Philéas / Pokemon / Picard / Pier Import / Pierre Martinet / Pierre & Vacances / Pioneer / Pixmania.com / Pizza del Arte / Pizza Hut / Place Tevere / Planète / PlantaFin / PlayStation 3 / Plein Ciel / Pleine Vie / Pocket / Point.P / Point S / Packard bell / Point Soleil / Poiret / Polident / Polti / Pomme de Pain / POM / Portakabin / Porto Cruz / Poweo / Precia / Préféo / PriceMinister.com / Pridoux / Prince / Pringles / Prixtel / Pro & Cie / Prodimarques / Profadom / Promovacances.com / Pruneaux d’Agen / Public Mobile / Public Sénat / Puget / Pulco / Punbby / Purina / Pyrel / Pagani / Porsche / Polestar / Palladium / Prada / Palladium /
92%
Sport Paddle / Padel / Paintball / Pancrace / Parachutisme / Paramoteur / Parapente / Parkour / Patinage / Patinage artistique / Patinage de vitesse / Pêche / Pelote basque / Pelote valencienne / Pencak-Silat / Pentathlon / Pesäpallo / Pétanque / Peteca / Pilates / Ping pong / Planche à voile / Plongée / Plongeon
86%
Aucun quiz correspondant
Distribution des résultats
% des personnes avec chaque résultat
Percentile par nombre de réponses
Votre historique - résultats
Vous n’avez pas pris ce quiz